Quick Pick: Populous Cities of France Quiz Stats

 Plays Quiz Updated Jun 26, 2018

Challenge
Share
Tweet
Embed
Score 0/10 Timer 01:00
8 Plays Today
% Correct
Paris
98.2%
Marseille
95.7%
Lyon
93.5%
Nice
86%
Bordeaux
84.9%
Toulouse
83.9%
Strasbourg
69.1%
Lille
62%
Nantes
60%
Montpellier
54.5%

Today's Daily Dose

You're not logged in!

Compare scores with friends on all Sporcle quizzes.
OR
Log In

You Might Also Like...

Show Comments

Extras

Top Quizzes Today


Score Distribution

Your Account Isn't Verified!

In order to create a playlist on Sporcle, you need to verify the email address you used during registration. Go to your Sporcle Settings to finish the process.

Report this User

Report this user for behavior that violates our Community Guidelines.

Details: